Personal Freedom and the Law in Tanzania. (Record no. 204)

MARC details
005 - DATE AND TIME OF LATEST TRANSACTION
control field 20250628080623.0
020 ## - INTERNATIONAL STANDARD BOOK NUMBER
International Standard Book Number 0 19 572267 1
082 ## - DEWEY DECIMAL CLASSIFICATION NUMBER
Classification number LM 342.085 MAR
100 ## - MAIN ENTRY--PERSONAL NAME
Author name MARTIN, I. H.
245 ## - TITLE STATEMENT
Title Personal Freedom and the Law in Tanzania.
260 ## - PUBLICATION, DISTRIBUTION, ETC.
Place of publication, distribution, etc. Nairobi,
Name of publisher, distributor, etc. Oxford University Press,
Date of publication, distribution, etc. 1976.
300 ## - PHYSICAL DESCRIPTION
Extent xvii, 224p.:
Other physical details Index
Dimensions 22cm.
700 ## - ADDED ENTRY--PERSONAL NAME
Other authors/Editors LATHAM, A. J.
942 ## - ADDED ENTRY ELEMENTS (KOHA)
Source of classification or shelving scheme Dewey Decimal Classification
Koha item type Books
Holdings
Date last seen Total checkouts Full call number Barcode Cost, replacement price Price effective from Koha item type Lost status Source of classification or shelving scheme Damaged status Not for loan Withdrawn status Home library Current library Shelving location Date acquired Cost, normal purchase price
03/10/2025   LM 342.085 MAR 000000805 211500.00 03/06/2025 Books   Dewey Decimal Classification       College of Business Education Main Library College of Business Education Main Library General Collection 03/10/2025 70500.00
03/10/2025   LM 342.085 MAR 000000806 211500.00 03/06/2025 Books   Dewey Decimal Classification       College of Business Education Main Library College of Business Education Main Library General Collection 03/10/2025 70500.00
03/10/2025   LM 342.085 MAR 000000807 211500.00 03/06/2025 Books   Dewey Decimal Classification       College of Business Education Main Library College of Business Education Main Library General Collection 03/10/2025 70500.00
03/10/2025   LM 342.085 MAR 000000808 211500.00 03/06/2025 Books   Dewey Decimal Classification       College of Business Education Main Library College of Business Education Main Library General Collection 03/10/2025 70500.00
03/10/2025   LM 342.085 MAR 000000809 211500.00 03/06/2025 Books   Dewey Decimal Classification       College of Business Education Main Library College of Business Education Main Library General Collection 03/10/2025 70500.00